00642nam a2200181Ia 4500008004100000020001800041041000800059082001500067100002700082245009600109250001200205260005600217300000900273365000700282650001800289952013600307999001700443251210s2025 xx 000 0 und d a9789366169637 aeng a610.73 SRI aDean, Monika …et al. aNursing Q-Bank series for B.Sc. nursing foundation as per the revised INC syllabus I and II a1st ed. aNew DelhibJaypee brothers medical publishersc2025 a595p cRS aGeneral books 00104070aCNbCNcRCS4d2025-11-22eVikas publishers and Distributrorsg695.00l0o610.73 SRIpCN6344r2025-12-10w2025-12-10yCR c64637d64637